The ka of Gifford Hillary. (Record no. 350670)
[ view plain ]
| 000 -LEADER | |
|---|---|
| fixed length control field | 00637cam a2200217 4500 |
| 001 - CONTROL NUMBER | |
| control field | 310780 |
| 003 - CONTROL NUMBER IDENTIFIER | |
| control field | OSt |
| 005 - DATE AND TIME OF LATEST TRANSACTION | |
| control field | 20180116183023.0 |
| 008 - FIXED-LENGTH DATA ELEMENTS--GENERAL INFORMATION | |
| fixed length control field | 730416s1972 enka 000 1 eng |
| 010 ## - LIBRARY OF CONGRESS CONTROL NUMBER | |
| LC control number | 73159358 |
| 015 ## - NATIONAL BIBLIOGRAPHY NUMBER | |
| National bibliography number | B*** |
| 040 ## - CATALOGING SOURCE | |
| Original cataloging agency | DLC |
| Transcribing agency | DLC |
| Modifying agency | DLC |
| 050 00 - LIBRARY OF CONGRESS CALL NUMBER | |
| Classification number | PZ3.W5592 |
| Item number | Kao |
| Classification number | PR6045.H127 |
| 082 00 - DEWEY DECIMAL CLASSIFICATION NUMBER | |
| Classification number | 813.54 WHE 1956 |
| 100 1# - MAIN ENTRY--PERSONAL NAME | |
| Personal name | Wheatley, Dennis, |
| Dates associated with a name | 1897-1977. |
| 245 14 - TITLE STATEMENT | |
| Title | The ka of Gifford Hillary. |
| Statement of responsibility, etc. | Original illus. by Peter Whiteman. |
| 260 ## - PUBLICATION, DISTRIBUTION, ETC. | |
| Place of publication, distribution, etc. | [London] |
| Name of publisher, distributor, etc. | Distributed by Heron Books |
| Date of publication, distribution, etc. | [c1972] |
| 300 ## - PHYSICAL DESCRIPTION | |
| Extent | 396 p. |
| Other physical details | illus. |
| Dimensions | 21 cm. |
| 906 ## - LOCAL DATA ELEMENT F, LDF (RLIN) | |
| a | 7 |
| b | cbc |
| c | orignew |
| d | 2 |
| e | ncip |
| f | 19 |
| g | y-gencatlg |
| 942 ## - ADDED ENTRY ELEMENTS (KOHA) | |
| Source of classification or shelving scheme | |
| Koha item type | Book |
| Withdrawn status | Lost status | Source of classification or shelving scheme | Damaged status | Not for loan | Collection code | Permanent Location | Current Location | Shelving location | Date acquired | Total Checkouts | Full call number | Barcode | Date last seen | Price effective from | Koha item type |
|---|---|---|---|---|---|---|---|---|---|---|---|---|---|---|---|
| Central Library (CL) | Central Library (CL) | Fiction | 11/30/2015 | 813.54 WHE 1956 | NBSD-2280 | 11/30/2015 | 11/30/2015 | Book |
